[Event "VI Open"]
[Site "Crema ITA"]
[Date "2004.09.04"]
[Round "3"]
[White "Casartelli, Fabio"]
[Black "Villalba, Fernando"]
[Result "1-0"]
[WhiteElo "1811"]
[BlackElo "1650"]
[PlyCount "77"]
[EventDate "2004.09.03"]

1. d4 d5 2. Nf3 Nf6 3. Bg5 g6 4. Nbd2 Bg7 5. c4 dxc4 6. Qa4+ c6 7. Qxc4 O-O 8.
e4 Nbd7 9. Be2 Nb6 10. Qc2 Bg4 11. Rd1 Re8 12. O-O Rc8 13. Nb3 Qc7 14. h3 Bxf3
15. Bxf3 e6 16. Rc1 Qb8 17. Rfd1 e5 18. g3 h6 19. Be3 Nfd7 20. Nc5 Nf8 21. Bg4
Rcd8 22. dxe5 Rxd1+ 23. Rxd1 h5 24. Bd7 Nbxd7 25. Nxd7 Nxd7 26. Rxd7 Bxe5 27.
Qb3 Re6 28. Rxb7 Qd6 29. Rxa7 Bxg3 30. Kg2 Be5 31. Qb7 Rf6 32. Qc8+ Qf8 33.
Qxf8+ Kxf8 34. Ra8+ Kg7 35. b3 Rd6 36. a4 Rd3 37. b4 Bd4 38. Rd8 c5 39. bxc5
1-0

[Event "VI Open"]
[Site "Crema ITA"]
[Date "2004.09.04"]
[Round "3"]
[White "Conca, Mauro"]
[Black "Distratis, Gianluca"]
[Result "0-1"]
[WhiteElo "1646"]
[BlackElo "1814"]
[PlyCount "72"]
[EventDate "2004.09.03"]

1. d4 Nf6 2. Nf3 c5 3. d5 b5 4. e3 a6 5. b3 Bb7 6. c4 e6 7. Nc3 b4 8. Na4 exd5
9. Bb2 dxc4 10. Bxf6 Qxf6 11. Bxc4 Be7 12. Be2 d5 13. Rc1 Nd7 14. O-O O-O 15.
Ne1 Qe6 16. Nd3 Rac8 17. Bf3 g5 18. Re1 f5 19. g3 Bd6 20. Qd2 Qe7 21. Bg2 Nf6
22. Qe2 Ne4 23. f3 Nf6 24. Nf2 Rfe8 25. Qd3 Qd7 26. Nb6 Qe6 27. Nxc8 Rxc8 28.
e4 fxe4 29. fxe4 c4 30. exd5 Qxe1+ 31. Rxe1 cxd3 32. Re6 Rc1+ 33. Bf1 Bc5 34.
Rxf6 d2 35. Kg2 Bxd5+ 36. Kh3 Rxf1 0-1

[Event "VI Open"]
[Site "Crema ITA"]
[Date "2004.09.04"]
[Round "3"]
[White "Corti, Massimo"]
[Black "Barberi, Alessandro"]
[Result "1/2-1/2"]
[WhiteElo "1997"]
[BlackElo "2162"]
[PlyCount "120"]
[EventDate "2004.09.03"]

1. Nf3 c5 2. c4 Nc6 3. Nc3 e6 4. g3 g6 5. Bg2 Bg7 6. e3 Nge7 7. O-O d5 8. cxd5
exd5 9. d4 cxd4 10. Nxd4 O-O 11. Nde2 Bg4 12. Qa4 Qd7 13. Nf4 d4 14. exd4 Qxd4
15. Qb5 Qb4 16. Qg5 Bf5 17. Nfd5 Nxd5 18. Nxd5 Qd4 19. Ne3 Bd3 20. Rd1 Rfd8 21.
Ng4 Qa4 22. b3 Qd4 23. Be3 Qxa1 24. Rxa1 Bxa1 25. h4 Rd6 26. Bc5 Re6 27. Bd5
Re1+ 28. Kh2 Be4 29. Bxe4 Rxe4 30. Nf6+ Bxf6 31. Qxf6 Rae8 32. Be3 Ne5 33. Kh3
Ng4 34. Qd6 Nxe3 35. fxe3 Rxe3 36. Qd4 b6 37. h5 gxh5 38. Qd5 R8e5 39. Qd8+ Kg7
40. Qd4 Kg6 41. Qd6+ f6 42. Qd8 Re8 43. Qd2 R8e5 44. Qd8 Re8 45. Qd2 f5 46.
Qd6+ R8e6 47. Qd8 Re7 48. Qd6+ R3e6 49. Qd2 Rf6 50. Qd8 Ref7 51. Qg8+ Kh6 52.
Qd8 f4 53. Qd2 Kg7 54. gxf4 Rxf4 55. Qg2+ Rg4 56. Qb2+ Kh6 57. Qe5 Rf3+ 58. Kh2
Rfg3 59. Qf6+ Rg6 60. Qf8+ Rg7 1/2-1/2

[Event "VI Open"]
[Site "Crema ITA"]
[Date "2004.09.04"]
[Round "3"]
[White "Faccio, Fabio"]
[Black "Milanesi, Erminio"]
[Result "1-0"]
[WhiteElo "1811"]
[BlackElo "1634"]
[PlyCount "109"]
[EventDate "2004.09.03"]

1. e4 g6 2. d4 Bg7 3. Nf3 Nh6 4. h3 c6 5. Nc3 O-O 6. Be3 f6 7. Qd2 Nf7 8. O-O-O
d6 9. Be2 b5 10. Nb1 Bd7 11. h4 a5 12. h5 g5 13. Nh2 e5 14. g3 h6 15. f4 exd4
16. Bxd4 c5 17. Be3 Bc6 18. Nc3 b4 19. Nd5 Na6 20. Bc4 Nc7 21. Ng4 Nxd5 22.
Bxd5 Bxd5 23. Qxd5 Qe7 24. Rhe1 Rad8 25. Bg1 Rfe8 26. Nh2 Qe6 27. Qxe6 Rxe6 28.
f5 Re7 29. Nf3 Rde8 30. Nd2 Ne5 31. Re3 c4 32. Rde1 Kf7 33. b3 c3 34. Nf1 Ng4
35. Rd3 Rxe4 36. Rxe4 Rxe4 37. Rxd6 Bf8 38. Rd3 Re5 39. Ne3 Bc5 40. Nxg4 Re1+
41. Rd1 Rxd1+ 42. Kxd1 Bxg1 43. Nxh6+ Kg7 44. Ng4 Bd4 45. Ke2 Bb6 46. Kf3 Bd8
47. Ne3 Kh6 48. g4 Kg7 49. Nc4 Kf7 50. Ke4 Bc7 51. Kd5 Ke7 52. Kc6 Bd8 53. Kb5
Kf7 54. Nxa5 Be7 55. Nc6 1-0

[Event "VI Open"]
[Site "Crema ITA"]
[Date "2004.09.04"]
[Round "3"]
[White "Ficco, Corrado"]
[Black "Panizzi, Giuseppe"]
[Result "1-0"]
[WhiteElo "2145"]
[BlackElo "2091"]
[PlyCount "120"]
[EventDate "2004.09.03"]

1. d4 Nf6 2. c4 e6 3. Nf3 d5 4. Nc3 c6 5. e3 Nbd7 6. Bd3 dxc4 7. Bxc4 b5 8. Be2
a6 9. O-O Bb7 10. e4 c5 11. d5 exd5 12. Nxd5 Nxd5 13. exd5 Nf6 14. Re1 Bd6 15.
Bxb5+ Kf8 16. Bc6 Qc7 17. Bg5 Bxc6 18. dxc6 Qxc6 19. Bxf6 gxf6 20. Qd2 Rg8 21.
Rad1 Rd8 22. Qh6+ Rg7 23. Kh1 Be7 24. Rxd8+ Bxd8 25. Qe3 Rg6 26. h3 f5 27. Qd3
Bf6 28. Re2 Qb5 29. Qxb5 axb5 30. Ne5 Bxe5 31. Rxe5 Rc6 32. Rxf5 b4 33. b3 c4
34. bxc4 Rxc4 35. Rb5 Rc2 36. Rxb4 Rxa2 37. f3 Kg7 38. Kh2 h6 39. Kg3 Kf6 40.
h4 Kg7 41. h5 Kf6 42. Kh3 Ra6 43. Kh4 Kg7 44. Kg4 Ra5 45. g3 Rg5+ 46. Kh4 Rf5
47. f4 Ra5 48. Re4 Kf6 49. Kg4 Rb5 50. Ra4 Rb6 51. Ra5 Rc6 52. Kh4 Rb6 53. Ra7
Re6 54. Ra5 Rb6 55. g4 Rc6 56. Rf5+ Kg7 57. g5 hxg5+ 58. fxg5 Rc4+ 59. Kg3 Rc8
60. Rf4 Rg8 1-0

[Event "VI Open"]
[Site "Crema ITA"]
[Date "2004.09.04"]
[Round "3"]
[White "Franco, Antonello"]
[Black "Vetturi, Pietro"]
[Result "1-0"]
[WhiteElo "1829"]
[BlackElo "1691"]
[PlyCount "85"]
[EventDate "2004.09.03"]

1. d4 Nf6 2. Bf4 d5 3. Nf3 e6 4. e3 Bd6 5. Bg5 Be7 6. Be2 Nbd7 7. O-O b6 8. c4
dxc4 9. Bxc4 Bb7 10. Nc3 O-O 11. Rc1 c5 12. Qe2 Ne4 13. Bf4 Nxc3 14. Rxc3 Nf6
15. Rd1 Bd5 16. dxc5 Bxc5 17. Bd3 Qe7 18. e4 Bb7 19. e5 Nd5 20. Bxh7+ Kh8 21.
Rxd5 Bxd5 22. Ng5 g6 23. Rh3 Kg7 24. Bxg6 Rh8 25. Bh7 Kf8 26. Ne4 Bxe4 27. Qxe4
Rd8 28. Qa4 b5 29. Bh6+ Ke8 30. Qxb5+ Qd7 31. Bd3 Rc8 32. Qb3 Qd4 33. Bb5+ Ke7
34. Bg5+ f6 35. Bxf6+ Kf7 36. Rf3 Rh5 37. Bd7 Qc4 38. Qxc4 Bxf2+ 39. Rxf2 Rxc4
40. h3 Rd4 41. Bb5 Rf5 42. Rxf5 exf5 43. b3 1-0

[Event "VI Open"]
[Site "Crema ITA"]
[Date "2004.09.04"]
[Round "3"]
[White "Gromovs, Sergejs"]
[Black "Castrogiovanni, Carlo"]
[Result "1-0"]
[WhiteElo "2341"]
[BlackElo "2109"]
[PlyCount "67"]
[EventDate "2004.09.03"]

1. d4 Nf6 2. Nf3 g6 3. c4 c5 4. d5 b5 5. cxb5 a6 6. Nc3 d6 7. e4 Bg7 8. bxa6
Bxa6 9. Qa4+ Nbd7 10. Bxa6 Qb6 11. Qc6 Qxa6 12. Qxa6 Rxa6 13. Nd2 Ng4 14. Ke2
O-O 15. h3 Ngf6 16. a4 Rfa8 17. Ra2 Ne8 18. Ndb1 Nb6 19. b3 c4 20. bxc4 Nxc4
21. Bg5 Nb6 22. Rc1 Nf6 23. Nd2 h6 24. Be3 Nfd7 25. Nb5 Rxa4 26. Rxa4 Nxa4 27.
Rc7 Nac5 28. Bxc5 Nxc5 29. Rxe7 Ra2 30. Ke3 Bf6 31. Re8+ Kg7 32. f4 g5 33. g3
Bb2 34. Nc4 {...} 1-0

[Event "VI Open"]
[Site "Crema ITA"]
[Date "2004.09.04"]
[Round "3"]
[White "Gualtieri, Primo"]
[Black "Biava, Pierluigi"]
[Result "0-1"]
[WhiteElo "1574"]
[BlackElo "1706"]
[PlyCount "106"]
[EventDate "2004.09.03"]

1. e4 e6 2. d4 d5 3. e5 Nc6 4. Nf3 b6 5. Bd3 Bb7 6. O-O h6 7. a3 Qd7 8. Qe2
Nge7 9. Re1 g5 10. Nc3 g4 11. Nh4 h5 12. Be3 O-O-O 13. b4 Bg7 14. Ba6 Nxe5 15.
dxe5 d4 16. Bxb7+ Kxb7 17. Rad1 Bxe5 18. Bg5 f6 19. Bc1 Qc6 20. Ne4 Rhg8 21. b5
Qd5 22. Qd3 c5 23. bxc6+ Nxc6 24. Nd2 f5 25. Nf1 Bf6 26. Qg3 Ne5 27. Kh1 Rc8
28. Bf4 Rc3 29. Qxc3 dxc3 30. Rxd5 exd5 31. Bxe5 Bxh4 32. Bxc3 Bxf2 33. Re2 Bc5
34. Re5 d4 35. Bb4 Bxb4 36. axb4 Rc8 37. Rd5 Rxc2 38. Rxd4 Kc6 39. Kg1 Kb5 40.
Ne3 Rc1+ 41. Kf2 Rb1 42. Nxf5 Rxb4 43. Rxb4+ Kxb4 44. Kg3 a5 45. Ne3 b5 46. Kf2
a4 47. Ke2 Kb3 48. Kd2 b4 49. Kc1 a3 50. Nc2 Kc3 51. Na1 b3 52. Kb1 b2 53. Ka2
bxa1=Q+ 0-1

[Event "VI Open"]
[Site "Crema ITA"]
[Date "2004.09.04"]
[Round "3"]
[White "Mansueti, Marco"]
[Black "Bettini, Massimo"]
[Result "0-1"]
[WhiteElo "1694"]
[BlackElo "1829"]
[PlyCount "50"]
[EventDate "2004.09.03"]

1. d4 g6 2. e4 Bg7 3. Nf3 d6 4. Nc3 Bg4 5. Be2 Nc6 6. h3 Bxf3 7. Bxf3 Nxd4 8.
O-O e5 9. Be3 Ne6 10. Qd2 Ne7 11. Rad1 O-O 12. Nd5 f5 13. exf5 gxf5 14. Nxe7+
Qxe7 15. Bxb7 f4 16. Qd5 fxe3 17. fxe3 Rxf1+ 18. Rxf1 Rf8 19. Rxf8+ Kxf8 20.
Qf3+ Qf7 21. Qg4 Bh6 22. Bd5 Bxe3+ 23. Kh1 Qf1+ 24. Kh2 Bg1+ 25. Kg3 Qf2# 0-1

[Event "VI Open"]
[Site "Crema ITA"]
[Date "2004.09.04"]
[Round "3"]
[White "Milan, Paolo"]
[Black "Annoni, Riccardo"]
[Result "0-1"]
[WhiteElo "1757"]
[BlackElo "2086"]
[PlyCount "68"]
[EventDate "2004.09.03"]

1. e4 c5 2. Nf3 e6 3. d4 cxd4 4. Nxd4 Nf6 5. Nc3 Nc6 6. Be3 Bb4 7. Bd3 d5 8.
Nxc6 bxc6 9. exd5 Nxd5 10. O-O Nxc3 11. bxc3 Bxc3 12. Be4 O-O 13. Rb1 Ba6 14.
Qxd8 Rfxd8 15. Rfd1 Rxd1+ 16. Rxd1 Bb5 17. Bxa7 f5 18. a4 Bxa4 19. Bxc6 Bxc6
20. Bb6 Ra1 21. Rxa1 Bxa1 22. c4 e5 23. f3 Bd4+ 24. Bxd4 exd4 25. Kf2 Kf7 26.
Ke2 Ke6 27. g3 Ke5 28. f4+ Ke4 29. Kd2 h6 30. Ke2 d3+ 31. Kd2 Kd4 32. c5 Bg2
33. h4 h5 34. Ke1 Ke3 0-1

[Event "VI Open"]
[Site "Crema ITA"]
[Date "2004.09.04"]
[Round "3"]
[White "Murgia, Andrea"]
[Black "Miladinovic, Igor"]
[Result "0-1"]
[WhiteElo "2107"]
[BlackElo "2630"]
[PlyCount "96"]
[EventDate "2004.09.03"]

1. e4 c5 2. c3 d5 3. exd5 Qxd5 4. d4 e5 5. Be3 cxd4 6. cxd4 Nc6 7. Nc3 Bb4 8.
Qf3 Qa5 9. Bc4 Nf6 10. Nge2 Bg4 11. Qg3 exd4 12. Bxd4 Nxd4 13. Nxd4 O-O 14. O-O
Rac8 15. Nb3 Qc7 16. Qxc7 Rxc7 17. Be2 Bxc3 18. Bxg4 Bxb2 19. Rab1 Ba3 20. Bf3
b6 21. Nd4 Bc5 22. Nb5 Re7 23. Rbd1 g5 24. g4 Nd7 25. Rd5 Ne5 26. Bd1 f6 27.
Kg2 Ng6 28. Kg3 a6 29. Bb3 Kh8 30. Nd6 Nf4 31. Rdd1 h5 32. Nf5 Rh7 33. h4 b5
34. Rh1 a5 35. a4 Ne2+ 36. Kf3 bxa4 37. Bc4 Nc3 38. Rd3 hxg4+ 39. Kg2 Ne4 40.
Rd5 Nxf2 41. Re1 Bb4 42. Re6 Nh3 43. Kg3 Nf4 44. Re4 Nxd5 45. Bxd5 gxh4+ 46.
Kxg4 h3 47. Nh4 f5+ 48. Nxf5 h2 0-1

[Event "VI Open"]
[Site "Crema ITA"]
[Date "2004.09.04"]
[Round "3"]
[White "Mussap, Angelo"]
[Black "Damia, Angelo"]
[Result "0-1"]
[WhiteElo "1922"]
[BlackElo "2129"]
[PlyCount "58"]
[EventDate "2004.09.03"]

1. c4 Nf6 2. d4 g6 3. Nc3 Bg7 4. e4 O-O 5. e5 Ne8 6. f4 d6 7. Be3 c5 8. Nf3
cxd4 9. Bxd4 Nc6 10. exd6 Nxd4 11. Nxd4 Nxd6 12. Qd2 Nxc4 13. Bxc4 Qxd4 14.
Qxd4 Bxd4 15. Kd2 Rd8 16. Kc2 Bf5+ 17. Kb3 Bxc3 18. bxc3 Rd2 19. Rae1 b5 20.
Be2 Be6+ 21. Kb4 Rb2+ 22. Kc5 Rc8+ 23. Kd4 Rd2+ 24. Ke3 Rxa2 25. Bxb5 Rxc3+ 26.
Kd4 Rcc2 27. g3 Rd2+ 28. Kc3 Rac2+ 29. Kb4 Rd4+ 0-1

[Event "VI Open"]
[Site "Crema ITA"]
[Date "2004.09.04"]
[Round "3"]
[White "Pampaluna, Enrico"]
[Black "Abbiati, Gianluigi"]
[Result "1-0"]
[WhiteElo "1440"]
[BlackElo "1593"]
[PlyCount "75"]
[EventDate "2004.09.03"]

1. d4 d5 2. e3 Nf6 3. Nf3 e6 4. Bd3 Be7 5. O-O O-O 6. c3 Nc6 7. Nbd2 a6 8. Qe2
Bd6 9. e4 Bf4 10. e5 Bxd2 11. Bxd2 Ne4 12. Bxe4 dxe4 13. Qxe4 Ne7 14. h4 Qd5
15. Rfe1 Qxe4 16. Rxe4 b5 17. Rg4 Nf5 18. h5 c5 19. h6 g6 20. g3 Bb7 21. Nh4
cxd4 22. cxd4 Rfd8 23. Nxf5 exf5 24. Rf4 Bd5 25. a4 bxa4 26. Rxa4 Rdc8 27. Ra5
Bc4 28. g4 fxg4 29. Rxg4 Bb5 30. f4 Rc2 31. Bc3 Re8 32. Ra1 f6 33. f5 Bd3 34.
fxg6 hxg6 35. exf6 Bf5 36. Rh4 Ree2 37. h7+ Kh8 38. f7 1-0

[Event "VI Open"]
[Site "Crema ITA"]
[Date "2004.09.04"]
[Round "3"]
[White "Pelagatti, Alessandro"]
[Black "Saccani, Ettore"]
[Result "1-0"]
[WhiteElo "2087"]
[BlackElo "1739"]
[PlyCount "43"]
[EventDate "2004.09.03"]

1. d4 Nf6 2. Nf3 e6 3. c4 d5 4. Nc3 Be7 5. Bf4 O-O 6. e3 c6 7. h3 Nbd7 8. Qc2
Qa5 9. Nd2 Re8 10. Be2 Bf8 11. cxd5 exd5 12. O-O b5 13. a3 Qb6 14. a4 b4 15. a5
Qd8 16. Na4 Nb8 17. Nc5 Bd6 18. Bxd6 Qxd6 19. Ra4 Nfd7 20. Rxb4 Ba6 21. Bxa6
Nxa6 22. Nxa6 1-0

[Event "VI Open"]
[Site "Crema ITA"]
[Date "2004.09.04"]
[Round "3"]
[White "Vecchia, Mario"]
[Black "Raffaldi, Fabrizio"]
[Result "1-0"]
[WhiteElo "2073"]
[BlackElo "1736"]
[PlyCount "55"]
[EventDate "2004.09.03"]

1. e4 c5 2. Nf3 d6 3. c3 Nf6 4. Be2 Nc6 5. d3 e6 6. O-O Be7 7. Nbd2 O-O 8. d4
cxd4 9. cxd4 d5 10. e5 Nd7 11. Bd3 f6 12. exf6 Bxf6 13. Re1 e5 14. dxe5 Ndxe5
15. Nxe5 Nxe5 16. Rxe5 Bxe5 17. Qh5 Bxh2+ 18. Kxh2 Qd6+ 19. Kg1 g6 20. Qh4 Bf5
21. Bxf5 Rxf5 22. Nf3 Rh5 23. Qf4 Qe7 24. Be3 Rf5 25. Qg3 Rc8 26. Rd1 b6 27.
Nh4 Re5 28. Nxg6 1-0

[Event "VI Open"]
[Site "Crema ITA"]
[Date "2004.09.04"]
[Round "4"]
[White "Abbiati, Gianluigi"]
[Black "Bozuffi, Italo"]
[Result "0-1"]
[WhiteElo "1593"]
[BlackElo "1739"]
[PlyCount "32"]
[EventDate "2004.09.03"]

1. e4 Nc6 2. d4 e5 3. d5 Nce7 4. Nf3 Ng6 5. Bg5 Nf6 6. Nc3 Bc5 7. Bd3 a6 8. O-O
d6 9. h3 h6 10. Bxf6 gxf6 11. a3 Rg8 12. Ne2 Bxh3 13. gxh3 Nh4+ 14. Ng3 Rxg3+
15. Kh2 Rxf3 16. Qd2 Qd7 0-1

[Event "VI Open"]
[Site "Crema ITA"]
[Date "2004.09.04"]
[Round "4"]
[White "Annoni, Riccardo"]
[Black "Casartelli, Fabio"]
[Result "1-0"]
[WhiteElo "2086"]
[BlackElo "1811"]
[PlyCount "59"]
[EventDate "2004.09.03"]

1. d4 Nf6 2. Bg5 g6 3. Bxf6 exf6 4. e4 Bg7 5. Nf3 d6 6. Bd3 Nc6 7. c3 O-O 8.
O-O Ne7 9. Re1 Re8 10. Qb3 b6 11. Nbd2 Bb7 12. Rad1 Qc8 13. a4 Ba6 14. c4 Nc6
15. Qc3 Qd7 16. Nf1 Rad8 17. b4 Ne7 18. b5 Bb7 19. Ne3 c5 20. dxc5 dxc5 21. Qa3
f5 22. Bc2 Qe6 23. Rxd8 Rxd8 24. exf5 Qd7 25. fxg6 Nxg6 26. Nf5 Ne5 27. Nxe5
Bxe5 28. Qe3 f6 29. Qh3 Re8 30. Nh6+ 1-0

[Event "VI Open"]
[Site "Crema ITA"]
[Date "2004.09.04"]
[Round "4"]
[White "Barberi, Alessandro"]
[Black "Borboni, Paolo"]
[Result "1-0"]
[WhiteElo "2162"]
[BlackElo "1705"]
[PlyCount "59"]
[EventDate "2004.09.03"]

1. d4 Nf6 2. c4 g6 3. Nf3 Bg7 4. Nc3 O-O 5. g3 d6 6. Bg2 Nbd7 7. O-O e5 8. e4
exd4 9. Nxd4 Re8 10. f3 Nc5 11. Be3 Ne6 12. Nde2 Nd7 13. Qc1 Nb6 14. b3 Bd7 15.
Rd1 Qc8 16. Rb1 a5 17. Nd5 Nxd5 18. cxd5 Nd8 19. Bd4 Bxd4+ 20. Rxd4 Re7 21. Qg5
Re5 22. Qe3 f5 23. f4 Re8 24. e5 dxe5 25. fxe5 c5 26. Rh4 Nf7 27. e6 b5 28.
exf7+ Kxf7 29. Rxh7+ Kf6 30. Qc3+ 1-0

[Event "VI Open"]
[Site "Crema ITA"]
[Date "2004.09.04"]
[Round "4"]
[White "Bettini, Massimo"]
[Black "Pelagatti, Alessandro"]
[Result "0-1"]
[WhiteElo "1829"]
[BlackElo "2087"]
[PlyCount "72"]
[EventDate "2004.09.03"]

1. e4 g6 2. d4 Bg7 3. Nc3 d6 4. f4 Nc6 5. Be3 Nf6 6. Nf3 O-O 7. e5 dxe5 8. fxe5
Ng4 9. Bg1 f6 10. e6 f5 11. h3 Nf6 12. Ng5 Qd6 13. Bh2 Qxd4 14. Qxd4 Nxd4 15.
O-O-O c5 16. Bc4 h6 17. Nf3 Ne4 18. Nxe4 fxe4 19. Nh4 Kh7 20. g4 Nxe6 21. Rhe1
Ng5 22. Bd5 Bf6 23. Bg3 Nxh3 24. Bxe4 Bxg4 25. Nxg6 Bxd1 26. Nxf8+ Kg8 27. Rxd1
Rxf8 28. Rh1 Bg5+ 29. Kb1 b6 30. Bd3 Nf4 31. Bc4+ Kg7 32. Rg1 e5 33. Rd1 Rd8
34. Re1 Bf6 35. c3 Rd2 36. Bf1 h5 0-1

[Event "VI Open"]
[Site "Crema ITA"]
[Date "2004.09.04"]
[Round "4"]
[White "Biava, Pierluigi"]
[Black "Calisi, Elia"]
[Result "0-1"]
[WhiteElo "1706"]
[BlackElo "1802"]
[PlyCount "60"]
[EventDate "2004.09.03"]

1. d4 d5 2. e3 c6 3. Nf3 Nf6 4. Nc3 Bg4 5. Be2 Nbd7 6. h3 Bh5 7. b3 Qa5 8. Bb2
Ne4 9. Qd3 Bg6 10. O-O Ng3 11. Qd2 Nxf1 12. Rxf1 e6 13. Nh4 Bb4 14. Nxg6 hxg6
15. a4 O-O 16. Qd3 Nf6 17. g4 Qc7 18. Kg2 Bxc3 19. Bxc3 Ne4 20. Bb4 Rfe8 21. c4
f5 22. Ba3 Kf7 23. f4 Rh8 24. Bc1 Qd8 25. g5 Nxg5 26. fxg5 Qxg5+ 27. Bg4 Rxh3
28. Rxf5+ gxf5 29. Kxh3 Qxg4+ 30. Kh2 Rh8# 0-1

[Event "VI Open"]
[Site "Crema ITA"]
[Date "2004.09.04"]
[Round "4"]
[White "Bonugli, Carlo"]
[Black "Agnelli, Francesco"]
[Result "1-0"]
[WhiteElo "2046"]
[BlackElo "2097"]
[PlyCount "87"]
[EventDate "2004.09.03"]

1. e4 c5 2. Nc3 g6 3. g3 Bg7 4. Bg2 Nc6 5. d3 d6 6. f4 Nf6 7. Nf3 O-O 8. O-O
Bg4 9. b3 Bxf3 10. Bxf3 Rb8 11. Be3 Qb6 12. Rb1 Qc7 13. g4 Nd4 14. Bg2 e6 15.
Ne2 Nxe2+ 16. Qxe2 Nd7 17. f5 Bd4 18. c3 Bxe3+ 19. Qxe3 Qd8 20. Qh6 Kh8 21. Rf2
gxf5 22. exf5 Qf6 23. Qh5 Qg7 24. Rbf1 e5 25. g5 f6 26. g6 Nb6 27. Rf3 d5 28.
Rg3 Rg8 29. Rg4 Qe7 30. Rf3 Rg7 31. Rfg3 Rd8 32. Qh6 c4 33. Qe3 cxd3 34. Qxd3
Nc4 35. h3 Qc5+ 36. Kh2 Nb6 37. c4 Qd6 38. cxd5 hxg6 39. fxg6 Nxd5 40. Bxd5
Qxd5 41. Qf5 Qd6 42. Qh5+ Kg8 43. Rh4 Qd2+ 44. Rg2 1-0

[Event "VI Open"]
[Site "Crema ITA"]
[Date "2004.09.04"]
[Round "4"]
[White "Carini, Luca"]
[Black "Milan, Paolo"]
[Result "1-0"]
[WhiteElo "1625"]
[BlackElo "1757"]
[PlyCount "85"]
[EventDate "2004.09.03"]

1. d4 Nf6 2. c4 e6 3. Nc3 b6 4. e4 Bb7 5. f3 Be7 6. Be3 O-O 7. Nge2 Nh5 8. Ng3
Bh4 9. Bf2 Qg5 10. Nce2 f5 11. Qd2 f4 12. Nxh5 Bxf2+ 13. Kxf2 Qxh5 14. Nc3 Qh4+
15. Ke2 Na6 16. Kd1 c5 17. d5 e5 18. a3 Nc7 19. Kc2 Rf6 20. Bd3 Rc8 21. Rag1
Qh6 22. Qf2 Rcf8 23. Be2 Qh5 24. g3 fxg3 25. hxg3 Qf7 26. g4 Rf4 27. Rh5 g6 28.
Rh3 g5 29. Rgh1 Rf6 30. Rxh7 Qxh7 31. Rxh7 Kxh7 32. Qh2+ Kg7 33. Qxe5 d6 34.
Qxg5+ Rg6 35. Qe3 Rh6 36. f4 a6 37. g5 Rh2 38. Kb3 Rfh8 39. f5 R8h3 40. Qf4 Ne8
41. f6+ Kf8 42. Ka2 Rxc3 43. Qxh2 1-0

[Event "VI Open"]
[Site "Crema ITA"]
[Date "2004.09.04"]
[Round "4"]
[White "Castrogiovanni, Carlo"]
[Black "Corti, Massimo"]
[Result "1-0"]
[WhiteElo "2109"]
[BlackElo "1997"]
[PlyCount "21"]
[EventDate "2004.09.03"]

1. Nf3 e6 2. g3 b6 3. Bg2 Bb7 4. c4 f5 5. d4 Nf6 6. O-O g6 7. Nc3 Bg7 8. Bg5 h6
9. Bd2 O-O 10. Qc1 Kh7 11. Ng5+ 1-0

[Event "VI Open"]
[Site "Crema ITA"]
[Date "2004.09.04"]
[Round "4"]
[White "Cocozza, Mario"]
[Black "Gromovs, Sergejs"]
[Result "1/2-1/2"]
[WhiteElo "2338"]
[BlackElo "2341"]
[PlyCount "77"]
[EventDate "2004.09.03"]

1. e4 c5 2. Nf3 d6 3. d4 cxd4 4. Nxd4 Nf6 5. Nc3 a6 6. Be2 e5 7. Nb3 Be7 8. f4
exf4 9. Bxf4 O-O 10. O-O Nc6 11. Qe1 b5 12. Rd1 Qb6+ 13. Kh1 Ne5 14. Nd4 Re8
15. Qg3 Ng6 16. Bg5 Qc5 17. Nf5 b4 18. Nxe7+ Rxe7 19. Bxf6 gxf6 20. Nd5 Re5 21.
Nxf6+ Kg7 22. Rxd6 Be6 23. Rd2 Qa5 24. b3 Rc8 25. Qf2 Qc5 26. Bxa6 Qxf2 27.
Rdxf2 Ra8 28. Bb7 Rxa2 29. Bd5 Ra7 30. h3 Bc8 31. g4 Ree7 32. Kh2 Ne5 33. Kg3
Rac7 34. Bc4 Nxc4 35. bxc4 Rxc4 36. Rd1 Rc6 37. g5 Rc3+ 38. Rf3 Rc5 39. h4
{...} 1/2-1/2

[Event "VI Open"]
[Site "Crema ITA"]
[Date "2004.09.04"]
[Round "4"]
[White "Damia, Angelo"]
[Black "Ficco, Corrado"]
[Result "1/2-1/2"]
[WhiteElo "2129"]
[BlackElo "2145"]
[PlyCount "96"]
[EventDate "2004.09.03"]

1. e4 e5 2. Bc4 Nf6 3. Nc3 Nc6 4. d3 Bb4 5. a3 Bxc3+ 6. bxc3 d5 7. exd5 Nxd5 8.
Qf3 Be6 9. Ne2 O-O 10. Bd2 Qd7 11. Bxd5 Bxd5 12. Qg3 f5 13. f4 exf4 14. Nxf4
Rae8+ 15. Kf2 Ne5 16. Rhe1 Ng4+ 17. Kg1 Bf7 18. h3 Nf6 19. Be3 b6 20. Bd4 Nh5
21. Nxh5 Bxh5 22. Be5 Re7 23. d4 Be8 24. Rf1 Rff7 25. Rae1 c5 26. Kh2 Qd5 27.
Qf3 Qxf3 28. gxf3 Bc6 29. Kg3 Re6 30. Bf4 Rfe7 31. Re5 Kf7 32. Rxf5+ Rf6 33.
Rxf6+ gxf6 34. Kf2 Bd7 35. dxc5 bxc5 36. Bd6 Re6 37. Bxc5 Rc6 38. Bd4 Bxh3 39.
Rb1 a6 40. Rb7+ Kg6 41. a4 Bf5 42. Rb2 Be6 43. a5 Bc4 44. Ke3 Kf5 45. Rb7 h5
46. Kf2 Re6 47. Rc7 Bb5 48. c4 Rc6 1/2-1/2

[Event "VI Open"]
[Site "Crema ITA"]
[Date "2004.09.04"]
[Round "4"]
[White "Distratis, Gianluca"]
[Black "Vecchia, Mario"]
[Result "1/2-1/2"]
[WhiteElo "1814"]
[BlackElo "2073"]
[PlyCount "42"]
[EventDate "2004.09.03"]

1. e4 c5 2. c3 d5 3. exd5 Qxd5 4. d4 e5 5. Nf3 Bg4 6. Be2 cxd4 7. O-O Bxf3 8.
Bxf3 e4 9. Bxe4 Qd7 10. Re1 Be7 11. cxd4 Nf6 12. Bg5 O-O 13. Bd3 Nc6 14. Bb5
Qxd4 15. Nc3 Bc5 16. Qf3 Ne5 17. Qg3 Nfg4 18. Ne4 Nxf2 19. Nxc5 Qxc5 20. Rxe5
Nh3+ 21. Kh1 Nf2+ 1/2-1/2

[Event "VI Open"]
[Site "Crema ITA"]
[Date "2004.09.04"]
[Round "4"]
[White "Faccio, Fabio"]
[Black "Bonazzi, Edoardo"]
[Result "0-1"]
[WhiteElo "1811"]
[BlackElo "2115"]
[PlyCount "136"]
[EventDate "2004.09.03"]

1. e4 c6 2. d4 d5 3. exd5 cxd5 4. c4 Nf6 5. Nc3 e6 6. c5 Be7 7. Nf3 O-O 8. Bf4
Ne4 9. Bd3 Nxc3 10. bxc3 Nc6 11. Qc2 h6 12. O-O b6 13. Bb5 Bd7 14. cxb6 axb6
15. a4 Na5 16. Bxd7 Qxd7 17. Rfb1 Nc4 18. Ne5 Nxe5 19. Bxe5 Qc6 20. Qb3 Ra6 21.
Ra2 Rc8 22. Rc1 Qc4 23. Qxc4 Rxc4 24. Bf4 Raxa4 25. Rxa4 Rxa4 26. f3 Ra2 27.
Rb1 Bd8 28. Bd6 f6 29. h3 h5 30. h4 Kf7 31. Kh2 Ke8 32. Kh3 Kd7 33. Bf8 g6 34.
Bg7 Ra3 35. Rc1 b5 36. Bf8 Be7 37. Bxe7 Kxe7 38. Rb1 Rxc3 39. Rxb5 Kd7 40. Rb7+
Rc7 41. Rb6 Ke7 42. g4 hxg4+ 43. Kxg4 Rc4 44. Rb7+ Kf8 45. Rb8+ Kg7 46. Rb7+
Kh6 47. Rb6 Rxd4+ 48. Kg3 Kh5 49. Rxe6 Rxh4 50. Rxf6 Rd4 51. Rd6 Kg5 52. Rd8
Rd1 53. Kf2 Kf4 54. Rf8+ Ke5 55. Re8+ Kd4 56. Rd8 Rd2+ 57. Ke1 Rg2 58. Kf1 Rg5
59. Kf2 Kc4 60. Rc8+ Kd3 61. Rd8 d4 62. Rd6 Kc3 63. Rc6+ Kd2 64. Rd6 d3 65. f4
Rf5 66. Kf3 g5 67. Ke4 Rxf4+ 68. Ke5 Ra4 0-1

[Event "VI Open"]
[Site "Crema ITA"]
[Date "2004.09.04"]
[Round "4"]
[White "Faraoni, Enrico"]
[Black "Murgia, Andrea"]
[Result "1-0"]
[WhiteElo "2178"]
[BlackElo "2107"]
[PlyCount "63"]
[EventDate "2004.09.03"]

1. e4 e5 2. d4 exd4 3. Qxd4 Nc6 4. Qe3 Nf6 5. Nc3 Bb4 6. Bd2 O-O 7. O-O-O Re8
8. Qg3 Rxe4 9. f4 d5 10. Nf3 Nh5 11. Qf2 Bxc3 12. Bxc3 Nxf4 13. Nd2 Qg5 14. Kb1
Qg4 15. Bb5 Re7 16. h3 Qg5 17. Nf3 Qxg2 18. Qh4 Qxf3 19. Bxc6 bxc6 20. Qxe7
Bxh3 21. Qxc7 Ne2 22. Be5 Rc8 23. Qe7 Bf5 24. Qg5 Bg6 25. Rdf1 Qe4 26. Rh4
Qxc2+ 27. Ka1 Rb8 28. Rxh7 Kxh7 29. Rh1+ Kg8 30. Rh8+ Kxh8 31. Qh6+ Kg8 32.
Qxg7# 1-0

[Event "VI Open"]
[Site "Crema ITA"]
[Date "2004.09.04"]
[Round "4"]
[White "Folcini, Gaddo"]
[Black "Mansueti, Marco"]
[Result "0-1"]
[WhiteElo "1400"]
[BlackElo "1694"]
[PlyCount "70"]
[EventDate "2004.09.03"]

1. d4 d6 2. e4 Nf6 3. Bd3 e5 4. Nf3 Bg4 5. d5 Be7 6. Nc3 c6 7. h3 Bxf3 8. Qxf3
Nbd7 9. g4 h6 10. Bd2 Nc5 11. O-O-O cxd5 12. Bb5+ Ncd7 13. exd5 a6 14. Be2 Rc8
15. g5 hxg5 16. Bxg5 Nh5 17. Bxe7 Qxe7 18. Ne4 Nf4 19. Rdg1 g6 20. Ng5 Nb6 21.
Qe4 Nbxd5 22. Bc4 f5 23. Qxd5 Nxd5 24. Bxd5 Rf8 25. Ne6 Rf6 26. Ng5 Rc5 27. Bb3
d5 28. Re1 Rd6 29. Nf3 e4 30. Nd4 Qe5 31. Ne2 d4 32. f3 d3 33. fxe4 d2+ 34. Kb1
dxe1=Q+ 35. Rxe1 Qxe4 0-1